00990nam a22002657a 45000010005000000030006000050050017000110080041000280200018000690400029000870500016001160820012001321000016001442450089001602500048002492600038002973000061003355050009003965200163004055210029005685210020005976500035006176500037006527000035006898278FISKH20250908104622.0250908b cb ||||| |||| 00| 0 eng d a9780439678728 aFISKHbengcFISKHdFISKH aQA113 .T355 a513.211 aTang, Greg  aMath fables : bLessons that count / cBy Greg Tang : illustrated by Heather Cahooon aFirst Scholastic paperback , September 2004 aNew York : bScholastic, c2004.  a40 unnumbered pages : bcolor illustrations ; c26 cm .  aI  aA series of rhymes about animals introduces counting and grouping numbers, as well as examples of such behaviors as cooperation, friendship, and appreciation.8 a450 bLexile estimate 8 aI bRaz-Plus  aProblem solvingvPicture Books aStories in rhymevPicture Books  aCahoon ,Heather eIllustrator